Microbiology fundamentals : (Record no. 99099)

MARC details
000 -LEADER
fixed length control field 03838nam a22002897a 4500
003 - CONTROL NUMBER IDENTIFIER
control field URS
005 - DATE AND TIME OF LATEST TRANSACTION
control field 20260408083310.0
008 - FIXED-LENGTH DATA ELEMENTS--GENERAL INFORMATION
fixed length control field 260318b |||||||| |||| 00| 0 eng d
020 ## - INTERNATIONAL STANDARD BOOK NUMBER
International Standard Book Number 978-1-26679-799-6
040 ## - CATALOGING SOURCE
Language of cataloging English
Description conventions rda
Transcribing agency URS
050 00 - LIBRARY OF CONGRESS CALL NUMBER
Classification number QR41.2
Item number .C8384 2024
100 1# - MAIN ENTRY--PERSONAL NAME
Personal name Cowan, M. Kelly,
Relator term author.
245 10 - TITLE STATEMENT
Title Microbiology fundamentals :
Remainder of title a clinical approach /
Statement of responsibility, etc Marjorie Kelly Cowan.
250 ## - EDITION STATEMENT
Edition statement Fifth edition.
264 #1 - PUBLICATION, DISTRIBUTION, ETC. (IMPRINT)
Place of publication, distribution, etc New York :
Name of publisher, distributor, etc McGraw-Hill,
Date of publication, distribution, etc ©2024.
300 ## - PHYSICAL DESCRIPTION
Extent xxiv, 692 pages (various paging) :
Other physical details color illustrations ;
Dimensions 29 cm.
336 ## - CONTENT TYPE
Content type term text
Content type code txt
Source rdacontent
337 ## - MEDIA TYPE
Media type term unmediated
Media type code n
Source rdamedia
338 ## - CARRIER TYPE
Carrier type term volume
Carrier type code nc
Source rdacarrier
504 ## - BIBLIOGRAPHY, ETC. NOTE
Bibliography, etc Includes bibliographical references and index.
505 0# - FORMATTED CONTENTS NOTE
Formatted contents note Introduction to Microbes and Their Building Blocks -- Tools of the Laboratory : Methods for the Culturing and microscopic Analysis of Microorganisms -- Bacteria and Archaea -- Eukaryotic Cells and Microorganisms -- Viral Structure and Multiplication -- Microbial Nutrition and Growth -- Microbial Metabolism -- Microbial Genetics and Genetic Engineering -- Physical and Chemical Control of Microbes -- Antimicrobial Treatment -- Interactions Between Microbes and Humans -- Host Defenses I : Overview and Nonspecific Defenses -- Host Defenses II : Specific Immunity and Immunization -- Disorders in Immunity -- Diagnosing Infection -- Infectious Diseases Affecting the Skin and Eyes -- Infectious Diseases Affecting the Nervous System -- Infectious Diseases Affecting the Cardiovascular and Lymphatic Systems -- Infectious Diseases Affecting the Respiratory Systems -- Infectious Diseases Affecting the Gastrointestinal Tract -- Infectious Diseases Affecting the Genitourinary System -- One Health : The Interconnected Health of the Environment, Humans, and Other Animals / with contributions from Ronald M. Atlas and Marjorie Kelly Cowan.
520 ## - SUMMARY, ETC.
Summary, etc "Welcome! I am so glad you are here. I am very excited for you to try this book. I wrote it after years of frustration, teaching from books that didn't focus on the right things that my students needed. My students (and, I think, you) need a solid but not overwhelming introduction to microbiology and infectious diseases. I asked myself: What are the major concepts I want my students to remember five years from now? And then I worked backward from there, making sure everything pointed to the big picture. While this book has enough detail to give you context, there is not so much detail that you will lose sight of the major principles. Biological processes are described right next to the illustrations that illustrate them. The format is easier to read than most books, because there is only one column of text on a page and wider margins. The margins gave me space to add interesting illustrations and clinical content. A working nurse, Jennifer Lusk, brings her experience to life on the pages and shows you how this information will mat ter to you when you are working as a health care provider. We have interesting and up-to-the-moment Case Files, Medical Moments, Microbiome selections, and NCLEX ® questions in every chapter. My coauthor, Heidi Smith, has brought so much to the book and online material. I don't think you'll find a bet ter online set of learning tools anywhere. I really wanted this to be a different kind of book. I've started using it in my own classes and my students love it! Well, maybe they have to say that, but I hope you truly do enjoy it and find it to be a refreshing kind of science book"--
Assigning source Provided by publisher.
650 12 - SUBJECT ADDED ENTRY--TOPICAL TERM
Topical term or geographic name as entry element Microbiological Phenomena
650 22 - SUBJECT ADDED ENTRY--TOPICAL TERM
Topical term or geographic name as entry element Communicable Diseases
776 08 - ADDITIONAL PHYSICAL FORM ENTRY
Display text Online version:
Main entry heading Cowan, M. Kelly,
Title Microbiology fundamentals
Edition Fourth edition.
Place, publisher, and date of publication New York, NY : McGraw-Hill Education, 2022.
International Standard Book Number 9781260786071
Record control number (DLC) 2020008518
942 ## - ADDED ENTRY ELEMENTS (KOHA)
Source of classification or shelving scheme Library of Congress Classification
Koha item type Reserved Books
Holdings
Withdrawn status Lost status Source of classification or shelving scheme Damaged status Not for loan Collection code Home library Current library Shelving location Date acquired Source of acquisition Cost, normal purchase price Total Checkouts Full call number Barcode Date last seen Copy number Cost, replacement price Price effective from Koha item type
    Library of Congress Classification     Non-fiction Taytay College Library Taytay College Library Medicine Collection 03/18/2026 Purchased 5135.00   QR41.2 .C8384 2024 URSTAY-6082 03/18/2026 1 5135.00 03/18/2026 Reserved Books

University of Rizal System
Email us at univlibservices@urs.edu.ph

Visit our Website www.urs.edu.ph/library